Reprezentacja Polski- Katar 2022 - Statystyki

Ogólne statystyki
  • Ten quiz został rozwiązany 322 razy
  • Średni wynik to 17 z 25
Statystyki odpowiedzi
Klub Piłkarski PIłkarz % Poprawnych
Juventus Turyn Wojciech Szczęsny
92%
Fc Barcelona Robert Lewandowski
91%
Aston Villa Matty Cash
87%
Juventus Turyn Arkadiusz Milik
82%
SSC Napoli Piotr Zieliński
81%
Fc Kopenhaga Kamil Grabara
79%
Fc Bologna Łukasz Skorupski
75%
Pogoń Szczecin Kamil Grosicki
74%
wyp. Aston Villa Jan Bednarek
73%
Benevento Kamil Glik
73%
Al-Shabbab Club Grzegorz Krychowiak
72%
Salernitana Krzysztof Piątek
70%
UC Sampdoria Bartosz Bereszyński
68%
Rc Lens Przemysław Frankowski
65%
Feynoord Rotterdam Sebastian Szymański
64%
VFL Wolfsburg Jakub Kamiński
62%
PAOK Saloniki Karol Świderski
61%
Spezia Calcio Jakub Kiwior
58%
AEK Ateny Damian Szymański
57%
Legia Warszawa Artur Jędrzejczyk
56%
Fc Augsburg Robert Gumny
51%
Lech Poznań Michał Skóraś
49%
Birmingham Krystian Bielik
48%
Clermont Foot Mateusz Wieteska
45%
wyp. Ac Fiorentina Szymon Żurkowski
41%
Nie znaleziono quizów pasujących do podanych kryteriów
Rozkład punktacji
Procent ludzi z każdym wynikiem
Percentyl według liczby udzielonych odpowiedzi
Twoja historia wyników
Nie rozwiązałeś tego quizu